| 000 | 01604nam a22002297a 4500 | ||
|---|---|---|---|
| 008 | 230605e20230517xxk|||||o||||o00| 0 eng d | ||
| 041 | _aeng | ||
| 245 |
_aRenters (Reform) Bill 2022-23 (HC Bill 308) _h[Online publication] |
||
| 260 |
_bDepartment for Levelling-up, Housing and Communities _c17 May 2023 |
||
| 520 | _aThe Renters (Reform) Bill (the Bill) will support the government’s manifesto commitment to deliver ‘a better deal for renters’, including by abolishing section 21 evictions and reforming landlord possession grounds. A Bill to make provision changing the law about rented homes, including provision abolishing fixed term assured tenancies and assured shorthold tenancies; imposing obligations on landlords and others in relation to rented homes and temporary and supported accommodation; and for connected purposes. | ||
| 520 | _aNote added 29th May 2024: This Bill did not progress to conclusion due to proroguing of Parliament following the announcement of a General Election on 4 July 2024 | ||
| 520 | _aNote added 11 September 2024: See the Renters' Rights Bill presented 11 September 2024 by the new Government. | ||
| 650 | _aASSURED SHORTHOLD TENANCIES | ||
| 650 | _aHOUSING ACT 1988 | ||
| 650 | _aLANDLORD AND TENANT | ||
| 651 | _aUnited Kingdom | ||
| 690 |
_96252 _aLandlord and tenant |
||
| 690 |
_96266 _aResidential property |
||
| 856 |
_uhttps://bills.parliament.uk/bills/3462 _zAvailable on Parliament Bills site |
||
| 856 |
_uhttps://publications.parliament.uk/pa/bills/cbill/58-03/0308/en/220308en.pdf _zSee explanatory notes to the Bill |
||
| 942 | _n0 | ||
| 999 |
_c121536 _d121536 |
||